[Event "Deutsche Ländermeisterschaft 2022"]
[Site "Wiesbaden GER"]
[Date "2022.10.01"]
[Round "2"]
[White "Skembris, Simon Max"]
[Black "Möller, Maurin"]
[Result "0-1"]
[Termination "normal"]
[Board "3.6"]
[WhiteElo "1540"]
[BlackElo "1936"]
[WhiteClock "00:30:16"]
[BlackClock "00:35:55"]
[WhiteTeam "Baden 1"]
[BlackTeam "Nordrhein-Westfalen"]
[PlyCount "74"]
[WhiteFideId "16281381"]
[BlackFideId "16265696"]
[EventCountry "GER"]
[EventRounds "7"]
[EventType "team-swiss"]
[EventDate "2022.09.30"]

1. e4 {[%clk 01:30:59]} {[%emt 00:02:46]} c5 {[%clk 01:30:55]} {[%emt
00:00:06]} 2. Nf3 {[%clk 01:31:25]} {[%emt 00:00:04]} e6 {[%clk 01:31:20]}
{[%emt 00:00:05]} 3. d4 {[%clk 01:31:49]} {[%emt 00:00:06]} cxd4 {[%clk
01:31:46]} {[%emt 00:00:03]} 4. Nxd4 {[%clk 01:32:13]} {[%emt 00:00:05]} Nf6
{[%clk 01:32:12]} {[%emt 00:00:05]} 5. Nc3 {[%clk 01:31:51]} {[%emt 00:00:52]}
Nc6 {[%clk 01:32:37]} {[%emt 00:00:05]} 6. Nxc6 {[%clk 01:30:01]} {[%emt
00:02:20]} bxc6 {[%clk 01:32:54]} {[%emt 00:00:13]} 7. Bd3 {[%clk 01:30:01]}
{[%emt 00:00:30]} d5 {[%clk 01:31:55]} {[%emt 00:01:29]} 8. O-O {[%clk
01:29:46]} {[%emt 00:00:44]} Be7 {[%clk 01:29:17]} {[%emt 00:03:09]} 9. Bg5
{[%clk 01:24:01]} {[%emt 00:06:15]} h6 {[%clk 01:22:21]} {[%emt 00:07:26]} 10.
Bh4 {[%clk 01:22:26]} {[%emt 00:02:04]} Nxe4 {[%clk 01:12:13]} {[%emt
00:10:39]} 11. Bxe7 {[%clk 01:21:21]} {[%emt 00:01:34]} Nxc3 {[%clk 01:12:23]}
{[%emt 00:00:19]} 12. Qg4 {[%clk 01:20:43]} {[%emt 00:01:07]} Kxe7 {[%clk
01:12:26]} {[%emt 00:00:27]} 13. bxc3 {[%clk 01:16:25]} {[%emt 00:04:48]} Kf8
{[%clk 01:05:22]} {[%emt 00:07:35]} 14. Rae1 {[%clk 01:13:59]} {[%emt
00:02:56]} c5 {[%clk 01:03:17]} {[%emt 00:02:36]} 15. c4 {[%clk 01:10:42]}
{[%emt 00:03:47]} h5 {[%clk 00:51:41]} {[%emt 00:12:06]} 16. Qf4 {[%clk
01:07:09]} {[%emt 00:04:03]} Rh6 {[%clk 00:51:39]} {[%emt 00:00:32]} 17. Re5
{[%clk 01:03:53]} {[%emt 00:03:46]} Bb7 {[%clk 00:42:58]} {[%emt 00:09:10]} 18.
Rfe1 {[%clk 00:59:18]} {[%emt 00:05:05]} Kg8 {[%clk 00:42:43]} {[%emt
00:00:45]} 19. cxd5 {[%clk 00:56:20]} {[%emt 00:03:27]} Bxd5 {[%clk 00:42:34]}
{[%emt 00:00:39]} 20. Bc4 {[%clk 00:51:01]} {[%emt 00:05:49]} Rf6 {[%clk
00:35:37]} {[%emt 00:07:27]} 21. Qh4 {[%clk 00:49:52]} {[%emt 00:01:39]} Rg6
{[%clk 00:35:26]} {[%emt 00:00:41]} 22. Qxd8+ {[%clk 00:49:47]} {[%emt
00:00:36]} Rxd8 {[%clk 00:35:54]} {[%emt 00:00:02]} 23. Bxd5 {[%clk 00:49:32]}
{[%emt 00:00:44]} Rxd5 {[%clk 00:36:19]} {[%emt 00:00:05]} 24. Rxd5 {[%clk
00:48:34]} {[%emt 00:01:28]} exd5 {[%clk 00:36:48]} 25. f3 {[%clk 00:46:00]}
{[%emt 00:03:04]} Re6 {[%clk 00:36:05]} {[%emt 00:01:13]} 26. Rd1 {[%clk
00:45:07]} {[%emt 00:01:23]} d4 {[%clk 00:36:20]} {[%emt 00:00:16]} 27. Rd3
{[%clk 00:41:05]} {[%emt 00:04:32]} Ra6 {[%clk 00:34:19]} {[%emt 00:02:31]} 28.
a3 {[%clk 00:40:50]} {[%emt 00:00:45]} Ra4 {[%clk 00:34:30]} {[%emt 00:00:19]}
29. Rb3 {[%clk 00:37:52]} {[%emt 00:03:28]} Rc4 {[%clk 00:33:01]} {[%emt
00:01:59]} 30. Rb7 {[%clk 00:33:57]} {[%emt 00:04:25]} Rxc2 {[%clk 00:33:02]}
{[%emt 00:00:28]} 31. Rxa7 {[%clk 00:33:58]} {[%emt 00:00:30]} d3 {[%clk
00:33:26]} {[%emt 00:00:06]} 32. Rd7 {[%clk 00:33:26]} {[%emt 00:01:01]} d2
{[%clk 00:33:51]} {[%emt 00:00:06]} 33. Kf1 {[%clk 00:33:32]} {[%emt 00:00:25]}
c4 {[%clk 00:34:18]} {[%emt 00:00:04]} 34. a4 {[%clk 00:30:30]} {[%emt
00:03:33]} c3 {[%clk 00:34:41]} {[%emt 00:00:07]} 35. Ke2 {[%clk 00:29:39]}
{[%emt 00:01:21]} Rc1 {[%clk 00:35:04]} {[%emt 00:00:06]} 36. Rd8+ {[%clk
00:30:03]} {[%emt 00:00:06]} Kh7 {[%clk 00:35:29]} {[%emt 00:00:05]} 37. a5
{[%clk 00:30:16]} {[%emt 00:00:17]} Re1+ {[%clk 00:35:55]} {[%emt 00:00:04]}
0-1

[Event "Deutsche Ländermeisterschaft 2022"]
[Site "Wiesbaden GER"]
[Date "2022.10.01"]
[Round "2"]
[White "Rafikova, Ailin"]
[Black "Trunz, Tamila"]
[Result "0-1"]
[Termination "normal"]
[Board "3.8"]
[WhiteElo "1287"]
[BlackElo "1521"]
[WhiteClock "00:54:52"]
[BlackClock "00:06:18"]
[WhiteTeam "Baden 1"]
[BlackTeam "Nordrhein-Westfalen"]
[PlyCount "128"]
[WhiteFideId "34612173"]
[BlackFideId "16267885"]
[EventCountry "GER"]
[EventRounds "7"]
[EventType "team-swiss"]
[EventDate "2022.09.30"]

1. e4 {[%clk 01:30:55]} {[%emt 00:00:05]} c5 {[%clk 01:30:48]} {[%emt
00:00:12]} 2. Nf3 {[%clk 01:31:21]} {[%emt 00:00:04]} e6 {[%clk 01:31:10]}
{[%emt 00:00:08]} 3. d4 {[%clk 01:31:48]} {[%emt 00:00:03]} cxd4 {[%clk
01:31:34]} {[%emt 00:00:07]} 4. Nxd4 {[%clk 01:32:13]} {[%emt 00:00:04]} Nf6
{[%clk 01:31:56]} {[%emt 00:00:08]} 5. Nc3 {[%clk 01:32:36]} {[%emt 00:00:07]}
Nc6 {[%clk 01:32:17]} {[%emt 00:00:09]} 6. Ndb5 {[%clk 01:31:50]} {[%emt
00:01:15]} Bc5 {[%clk 01:32:21]} {[%emt 00:00:26]} 7. Nd6+ {[%clk 01:30:55]}
{[%emt 00:01:25]} Ke7 {[%clk 01:32:41]} {[%emt 00:00:10]} 8. Bf4 {[%clk
01:29:58]} {[%emt 00:01:25]} e5 {[%clk 01:32:35]} {[%emt 00:00:36]} 9. Nf5+
{[%clk 01:29:06]} {[%emt 00:01:21]} Kf8 {[%clk 01:31:20]} {[%emt 00:01:46]} 10.
Bg5 {[%clk 01:28:25]} {[%emt 00:01:11]} Qb6 {[%clk 01:21:27]} {[%emt 00:10:23]}
11. Be3 {[%clk 01:19:30]} {[%emt 00:09:24]} Bxe3 {[%clk 01:21:02]} 12. Nxe3
{[%clk 01:19:30]} Qxb2 {[%clk 01:19:59]} {[%emt 00:03:16]} 13. Ned5 {[%clk
01:17:16]} {[%emt 00:02:25]} Nxd5 {[%clk 01:12:29]} {[%emt 00:08:02]} 14. Nxd5
{[%clk 01:17:13]} {[%emt 00:00:32]} Nd4 {[%clk 01:04:10]} {[%emt 00:08:49]} 15.
Bd3 {[%clk 01:15:50]} {[%emt 00:01:52]} d6 {[%clk 00:58:52]} {[%emt 00:05:50]}
16. O-O {[%clk 01:13:59]} {[%emt 00:02:20]} Be6 {[%emt 00:06:47]} 17. a4 {[%clk
01:10:02]} {[%emt 00:02:15]} Rc8 {[%clk 00:42:35]} {[%emt 00:12:43]} 18. Rb1
{[%clk 01:07:56]} {[%emt 00:02:36]} Qa2 {[%clk 00:38:17]} {[%emt 00:04:41]} 19.
Rxb7 {[%clk 01:06:47]} {[%emt 00:01:47]} Qxa4 {[%clk 00:26:33]} {[%emt
00:12:13]} 20. c3 {[%clk 01:03:28]} {[%emt 00:03:48]} Qxd1 {[%clk 00:25:54]}
{[%emt 00:01:10]} 21. Rxd1 {[%clk 01:03:23]} {[%emt 00:00:34]} Nc6 {[%clk
00:25:15]} {[%emt 00:01:10]} 22. Bb5 {[%clk 01:02:09]} {[%emt 00:01:45]} g6
{[%clk 00:23:34]} {[%emt 00:02:11]} 23. f3 {[%clk 01:01:01]} {[%emt 00:01:37]}
a5 {[%clk 00:23:09]} {[%emt 00:00:56]} 24. Ra1 {[%clk 00:59:27]} {[%emt
00:02:04]} Kg7 {[%clk 00:19:18]} {[%emt 00:04:21]} 25. Bxc6 {[%clk 00:58:46]}
{[%emt 00:01:11]} Rxc6 {[%clk 00:19:38]} {[%emt 00:00:10]} 26. Rxa5 {[%clk
00:59:05]} {[%emt 00:00:09]} Bxd5 {[%clk 00:14:38]} {[%emt 00:05:30]} 27. Rxd5
{[%clk 00:59:21]} {[%emt 00:00:13]} Ra8 {[%clk 00:13:09]} {[%emt 00:01:59]} 28.
Rd7 {[%clk 00:57:30]} {[%emt 00:02:23]} Raa6 {[%clk 00:13:16]} {[%emt
00:00:24]} 29. Rd3 {[%clk 00:57:16]} {[%emt 00:00:43]} Kf6 {[%clk 00:13:27]}
{[%emt 00:00:18]} 30. Rd8 {[%clk 00:54:31]} {[%emt 00:03:15]} Ke7 {[%clk
00:13:28]} {[%emt 00:00:29]} 31. Rh8 {[%clk 00:54:51]} {[%emt 00:00:10]} h5
{[%clk 00:13:45]} {[%emt 00:00:14]} 32. g4 {[%clk 00:54:31]} {[%emt 00:00:50]}
hxg4 {[%clk 00:14:04]} {[%emt 00:00:11]} 33. fxg4 {[%clk 00:54:53]} {[%emt
00:00:07]} Rc4 {[%clk 00:14:10]} {[%emt 00:00:24]} 34. Re3 {[%clk 00:54:58]}
{[%emt 00:00:26]} Raa4 {[%clk 00:13:31]} {[%emt 00:01:09]} 35. Kf2 {[%clk
00:51:00]} {[%emt 00:04:27]} Rxe4 {[%clk 00:13:28]} {[%emt 00:00:35]} 36. Rxe4
{[%clk 00:51:22]} {[%emt 00:00:08]} Rxe4 {[%clk 00:13:53]} {[%emt 00:00:05]}
37. Kf3 {[%clk 00:50:52]} {[%emt 00:00:59]} Rc4 {[%clk 00:14:11]} {[%emt
00:00:12]} 38. h4 {[%clk 00:51:14]} {[%emt 00:00:09]} Rxc3+ {[%clk 00:14:34]}
{[%emt 00:00:07]} 39. Kg2 {[%clk 00:51:32]} {[%emt 00:00:11]} Kf6 {[%clk
00:12:46]} {[%emt 00:02:19]} 40. Rd8 {[%clk 00:51:17]} {[%emt 00:00:45]} Rd3
{[%clk 00:12:55]} {[%emt 00:00:21]} 41. h5 {[%clk 00:51:32]} {[%emt 00:00:14]}
Kg5 {[%clk 00:11:53]} {[%emt 00:01:32]} 42. Rh8 {[%clk 00:51:04]} {[%emt
00:00:58]} Rd4 {[%clk 00:09:50]} {[%emt 00:02:33]} 43. h6 {[%clk 00:50:28]}
{[%emt 00:01:06]} Rxg4+ {[%clk 00:10:04]} {[%emt 00:00:16]} 44. Kf3 {[%clk
00:50:28]} {[%emt 00:00:29]} Rh4 {[%clk 00:10:15]} {[%emt 00:00:20]} 45. h7
{[%clk 00:50:34]} {[%emt 00:00:25]} Kf6 {[%clk 00:10:20]} {[%emt 00:00:24]} 46.
Rd8 {[%clk 00:50:28]} {[%emt 00:00:37]} Rxh7 {[%clk 00:10:40]} {[%emt
00:00:11]} 47. Rxd6+ {[%clk 00:50:52]} {[%emt 00:00:06]} Kf5 {[%clk 00:10:50]}
{[%emt 00:00:19]} 48. Rd5 {[%clk 00:50:54]} {[%emt 00:00:28]} Rh3+ {[%clk
00:10:52]} {[%emt 00:00:28]} 49. Kg2 {[%clk 00:51:16]} {[%emt 00:00:09]} Ra3
{[%clk 00:11:07]} {[%emt 00:00:15]} 50. Kh2 {[%clk 00:51:28]} {[%emt 00:00:18]}
Kf4 {[%clk 00:10:38]} {[%emt 00:00:58]} 51. Rd7 {[%clk 00:51:13]} {[%emt
00:00:46]} f5 {[%clk 00:10:43]} {[%emt 00:00:25]} 52. Rg7 {[%clk 00:51:36]}
{[%emt 00:00:08]} g5 {[%clk 00:10:39]} {[%emt 00:00:34]} 53. Rd7 {[%clk
00:51:51]} {[%emt 00:00:14]} Ra2+ {[%clk 00:10:34]} {[%emt 00:00:35]} 54. Kg1
{[%clk 00:52:04]} {[%emt 00:00:17]} e4 {[%clk 00:10:16]} {[%emt 00:00:48]} 55.
Rd1 {[%clk 00:52:17]} {[%emt 00:00:18]} e3 {[%clk 00:10:18]} {[%emt 00:00:28]}
56. Re1 {[%clk 00:52:27]} {[%emt 00:00:20]} Kf3 {[%clk 00:09:08]} {[%emt
00:01:39]} 57. Kf1 {[%clk 00:52:35]} {[%emt 00:00:20]} e2+ {[%clk 00:08:18]}
{[%emt 00:01:23]} 58. Kg1 {[%clk 00:52:52]} {[%emt 00:00:11]} Rd2 {[%clk
00:08:10]} {[%emt 00:00:40]} 59. Kh2 {[%clk 00:53:02]} {[%emt 00:00:20]} Rd1
{[%clk 00:07:54]} {[%emt 00:00:46]} 60. Rxe2 {[%clk 00:53:21]} {[%emt
00:00:11]} Kxe2 {[%clk 00:08:10]} {[%emt 00:00:14]} 61. Kg2 {[%clk 00:53:46]}
{[%emt 00:00:05]} Rd4 {[%clk 00:07:23]} {[%emt 00:01:18]} 62. Kg3 {[%clk
00:54:06]} {[%emt 00:00:09]} Rg4+ {[%clk 00:07:12]} {[%emt 00:00:41]} 63. Kh3
{[%clk 00:54:30]} {[%emt 00:00:07]} Kf2 {[%clk 00:06:17]} {[%emt 00:01:25]} 64.
Kh2 {[%clk 00:54:52]} {[%emt 00:00:07]} Rh4 {[%clk 00:06:18]} {[%emt 00:00:29]}
0-1

[Event "Deutsche Ländermeisterschaft 2022"]
[Site "Wiesbaden GER"]
[Date "2022.10.01"]
[Round "2"]
[White "Großmann, Piet"]
[Black "Bornholdt, Joa Max"]
[Result "0-1"]
[Termination "normal"]
[Board "4.1"]
[WhiteElo "1945"]
[BlackElo "2196"]
[WhiteClock "00:26:43"]
[BlackClock "01:06:13"]
[WhiteTeam "Mecklenburg-Vorpommern"]
[BlackTeam "Schleswig-Holstein"]
[PlyCount "108"]
[WhiteFideId "16234359"]
[BlackFideId "16253477"]
[EventCountry "GER"]
[EventRounds "7"]
[EventType "team-swiss"]
[EventDate "2022.09.30"]

1. e4 {[%clk 01:30:57]} {[%emt 00:00:02]} e5 {[%clk 01:30:55]} {[%emt
00:00:05]} 2. Nf3 {[%clk 01:31:23]} {[%emt 00:00:05]} Nc6 {[%clk 01:31:20]}
{[%emt 00:00:05]} 3. d4 {[%clk 01:31:49]} {[%emt 00:00:04]} exd4 {[%clk
01:31:33]} {[%emt 00:00:17]} 4. Nxd4 {[%clk 01:32:14]} {[%emt 00:00:05]} Bc5
{[%clk 01:31:58]} {[%emt 00:00:05]} 5. Be3 {[%clk 01:32:30]} {[%emt 00:00:15]}
Qf6 {[%clk 01:32:01]} {[%emt 00:00:27]} 6. c3 {[%clk 01:32:54]} {[%emt
00:00:06]} Nge7 {[%clk 01:32:15]} {[%emt 00:00:15]} 7. Bc4 {[%clk 01:33:17]}
{[%emt 00:00:07]} O-O {[%clk 01:32:35]} {[%emt 00:00:10]} 8. O-O {[%clk
01:33:26]} {[%emt 00:00:22]} b6 {[%clk 01:32:56]} {[%emt 00:00:08]} 9. f4
{[%clk 01:23:14]} {[%emt 00:10:42]} d5 {[%clk 01:33:13]} {[%emt 00:00:13]} 10.
e5 {[%clk 01:23:00]} {[%emt 00:00:45]} Qh6 {[%clk 01:33:38]} {[%emt 00:00:05]}
11. Be2 {[%clk 01:08:16]} {[%emt 00:15:13]} Nxe5 {[%clk 01:33:33]} {[%emt
00:00:34]} 12. Qd2 {[%clk 01:08:40]} {[%emt 00:00:07]} Nc4 {[%clk 01:30:57]}
{[%emt 00:03:06]} 13. Bxc4 {[%clk 01:09:01]} {[%emt 00:00:09]} dxc4 {[%clk
01:31:21]} {[%emt 00:00:05]} 14. f5 {[%clk 01:03:13]} {[%emt 00:06:20]} Qh5
{[%clk 01:25:53]} {[%emt 00:05:58]} 15. f6 {[%clk 01:02:36]} {[%emt 00:01:07]}
gxf6 {[%clk 01:24:38]} {[%emt 00:01:43]} 16. Qf2 {[%clk 00:52:15]} {[%emt
00:10:52]} Nd5 {[%clk 01:18:58]} {[%emt 00:06:10]} 17. Nd2 {[%clk 00:51:43]}
{[%emt 00:01:02]} Re8 {[%clk 01:17:48]} {[%emt 00:01:39]} 18. Rae1 {[%clk
00:51:26]} {[%emt 00:00:47]} Bd6 {[%clk 01:11:52]} {[%emt 00:06:26]} 19. N4f3
{[%clk 00:41:02]} {[%emt 00:10:55]} Bf5 {[%clk 01:07:04]} {[%emt 00:05:18]} 20.
Nxc4 {[%clk 00:22:41]} {[%emt 00:18:51]} Bd3 {[%clk 01:04:12]} {[%emt
00:03:22]} 21. Nxd6 {[%clk 00:23:01]} {[%emt 00:00:11]} cxd6 {[%clk 01:04:35]}
{[%emt 00:00:07]} 22. Bd4 {[%clk 00:21:51]} {[%emt 00:01:40]} Bxf1 {[%clk
01:03:57]} {[%emt 00:01:07]} 23. Rxf1 {[%clk 00:22:18]} {[%emt 00:00:04]} Re4
{[%clk 00:58:27]} {[%emt 00:05:59]} 24. Qg3+ {[%clk 00:15:49]} {[%emt
00:07:00]} Qg4 {[%clk 00:49:12]} {[%emt 00:09:45]} 25. Qxd6 {[%clk 00:14:29]}
{[%emt 00:01:50]} Qe6 {[%clk 00:47:57]} {[%emt 00:01:45]} 26. Qg3+ {[%clk
00:12:07]} {[%emt 00:02:53]} Rg4 {[%clk 00:47:53]} {[%emt 00:00:33]} 27. Qe1
{[%clk 00:12:32]} {[%emt 00:00:04]} Re8 {[%clk 00:47:20]} {[%emt 00:01:03]} 28.
Qd2 {[%clk 00:09:57]} {[%emt 00:03:06]} Nf4 {[%clk 00:44:05]} {[%emt 00:03:44]}
29. g3 {[%clk 00:09:26]} {[%emt 00:01:02]} Qe2 {[%clk 00:43:44]} {[%emt
00:00:51]} 30. Qxf4 {[%clk 00:06:09]} {[%emt 00:03:48]} Rxf4 {[%clk 00:44:06]}
{[%emt 00:00:07]} 31. gxf4 {[%clk 00:06:36]} {[%emt 00:00:02]} Re4 {[%clk
00:41:03]} {[%emt 00:03:32]} 32. Rf2 {[%clk 00:03:40]} {[%emt 00:03:27]} Qd1+
{[%clk 00:41:27]} {[%emt 00:00:06]} 33. Kg2 {[%clk 00:03:46]} {[%emt 00:00:24]}
Rxf4 {[%clk 00:41:03]} {[%emt 00:00:53]} 34. Kg3 {[%clk 00:03:22]} {[%emt
00:00:55]} Rf5 {[%clk 00:40:40]} {[%emt 00:00:53]} 35. h3 {[%clk 00:02:38]}
{[%emt 00:01:14]} Kf8 {[%clk 00:38:56]} {[%emt 00:02:13]} 36. a3 {[%clk
00:02:57]} {[%emt 00:00:11]} h5 {[%clk 00:38:52]} {[%emt 00:00:35]} 37. Be3
{[%clk 00:01:02]} {[%emt 00:02:24]} Qd3 {[%clk 00:38:31]} {[%emt 00:00:51]} 38.
Bd4 {[%clk 00:00:57]} {[%emt 00:00:35]} h4+ {[%clk 00:38:34]} {[%emt 00:00:27]}
39. Kg2 {[%clk 00:01:23]} {[%emt 00:00:04]} Qe4 {[%clk 00:38:59]} {[%emt
00:00:05]} 40. a4 {[%clk 00:00:51]} {[%emt 00:01:02]} Rg5+ {[%clk 00:39:06]}
{[%emt 00:00:24]} 41. Kh2 {[%clk 00:00:42]} {[%emt 00:00:39]} Rg3 {[%clk
00:37:14]} {[%emt 00:02:21]} 42. Ng1 {[%clk 00:29:22]} {[%emt 00:01:50]} f5
{[%clk 01:05:54]} {[%emt 00:01:51]} 43. Re2 {[%clk 00:28:07]} {[%emt 00:01:45]}
Qc6 {[%clk 01:06:00]} {[%emt 00:00:24]} 44. Be5 {[%clk 00:27:43]} {[%emt
00:00:53]} Rd3 {[%clk 01:05:52]} {[%emt 00:00:39]} 45. a5 {[%clk 00:27:24]}
{[%emt 00:00:50]} bxa5 {[%clk 01:05:55]} {[%emt 00:00:26]} 46. Bd4 {[%clk
00:27:22]} {[%emt 00:00:33]} a4 {[%clk 01:06:13]} {[%emt 00:00:12]} 47. Rg2
{[%clk 00:26:50]} {[%emt 00:01:01]} f4 {[%clk 01:05:58]} {[%emt 00:00:47]} 48.
Rf2 {[%clk 00:26:10]} {[%emt 00:01:09]} f3 {[%clk 01:05:57]} {[%emt 00:00:30]}
49. Kh1 {[%clk 00:26:12]} {[%emt 00:00:28]} a6 {[%clk 01:05:35]} {[%emt
00:00:52]} 50. Kh2 {[%clk 00:25:47]} {[%emt 00:00:55]} Qd6+ {[%clk 01:05:41]}
{[%emt 00:00:24]} 51. Kh1 {[%clk 00:26:11]} {[%emt 00:00:06]} Qg3 {[%clk
01:05:55]} {[%emt 00:00:15]} 52. Rc2 {[%clk 00:26:13]} {[%emt 00:00:29]} Rd1
{[%clk 01:06:01]} {[%emt 00:00:25]} 53. Rh2 {[%clk 00:26:34]} {[%emt 00:00:09]}
f2 {[%clk 01:05:48]} {[%emt 00:00:43]} 54. Rxf2 {[%clk 00:26:43]} {[%emt
00:00:20]} Qxg1# {[%clk 01:06:13]} {[%emt 00:00:05]} 0-1

[Event "Deutsche Ländermeisterschaft 2022"]
[Site "Wiesbaden GER"]
[Date "2022.10.01"]
[Round "2"]
[White "Sommer, Justus"]
[Black "Lange, Jannis"]
[Result "1/2-1/2"]
[Termination "normal"]
[Board "4.2"]
[WhiteElo "2122"]
[BlackElo "2085"]
[WhiteClock "00:04:42"]
[BlackClock "00:02:52"]
[WhiteTeam "Schleswig-Holstein"]
[BlackTeam "Mecklenburg-Vorpommern"]
[PlyCount "73"]
[WhiteFideId "16245008"]
[BlackFideId "12993107"]
[EventCountry "GER"]
[EventRounds "7"]
[EventType "team-swiss"]
[EventDate "2022.09.30"]

1. e4 {[%clk 01:30:47]} {[%emt 00:00:11]} c5 {[%clk 01:30:56]} {[%emt
00:00:06]} 2. Nf3 {[%clk 01:30:55]} {[%emt 00:00:21]} Nc6 {[%clk 01:31:19]}
{[%emt 00:00:08]} 3. Bb5 {[%clk 01:30:50]} {[%emt 00:00:34]} g6 {[%clk
01:31:32]} {[%emt 00:00:17]} 4. Bxc6 {[%clk 01:30:51]} {[%emt 00:00:30]} dxc6
{[%clk 01:31:54]} {[%emt 00:00:08]} 5. O-O {[%clk 01:30:48]} {[%emt 00:00:31]}
Bg7 {[%clk 01:31:58]} {[%emt 00:00:28]} 6. d3 {[%clk 01:30:17]} {[%emt
00:01:01]} Nf6 {[%clk 01:31:41]} {[%emt 00:00:46]} 7. Re1 {[%clk 01:29:38]}
{[%emt 00:01:06]} Bg4 {[%clk 01:29:33]} {[%emt 00:02:41]} 8. Nbd2 {[%clk
01:29:12]} {[%emt 00:00:56]} Nd7 {[%clk 01:23:41]} {[%emt 00:06:23]} 9. h3
{[%clk 01:27:42]} {[%emt 00:01:59]} Bxf3 {[%clk 01:23:23]} {[%emt 00:00:49]}
10. Nxf3 {[%clk 01:27:54]} {[%emt 00:00:17]} e5 {[%clk 01:13:07]} {[%emt
00:10:48]} 11. Be3 {[%clk 01:26:10]} {[%emt 00:02:12]} b6 {[%clk 01:10:09]}
{[%emt 00:03:29]} 12. a4 {[%clk 01:26:06]} {[%emt 00:00:33]} Nf8 {[%clk
01:09:06]} {[%emt 00:01:33]} 13. a5 {[%clk 01:24:16]} {[%emt 00:02:20]} Ne6
{[%clk 01:08:03]} {[%emt 00:01:33]} 14. c3 {[%clk 01:13:52]} {[%emt 00:10:54]}
O-O {[%clk 01:02:48]} {[%emt 00:05:46]} 15. Qa4 {[%clk 01:10:16]} {[%emt
00:04:05]} b5 {[%clk 00:49:57]} {[%emt 00:13:22]} 16. Qc2 {[%clk 01:09:03]}
{[%emt 00:01:41]} Qd6 {[%clk 00:48:19]} {[%emt 00:02:07]} 17. Rad1 {[%clk
01:02:19]} {[%emt 00:07:15]} Rfd8 {[%clk 00:45:56]} {[%emt 00:02:55]} 18. Rd2
{[%clk 00:53:14]} {[%emt 00:09:34]} Rd7 {[%clk 00:39:28]} {[%emt 00:06:59]} 19.
Red1 {[%clk 00:51:17]} {[%emt 00:02:26]} Rad8 {[%clk 00:35:36]} {[%emt
00:04:21]} 20. Ng5 {[%clk 00:36:33]} {[%emt 00:15:14]} Nxg5 {[%clk 00:30:19]}
{[%emt 00:05:48]} 21. Bxg5 {[%clk 00:36:49]} {[%emt 00:00:14]} Bf6 {[%clk
00:30:45]} {[%emt 00:00:04]} 22. Be3 {[%clk 00:35:13]} {[%emt 00:02:04]} Qe7
{[%clk 00:28:33]} {[%emt 00:02:43]} 23. b3 {[%clk 00:17:53]} {[%emt 00:17:50]}
Bg5 {[%clk 00:22:47]} {[%emt 00:06:17]} 24. d4 {[%clk 00:13:13]} {[%emt
00:05:09]} Bxe3 {[%clk 00:17:56]} {[%emt 00:05:22]} 25. fxe3 {[%clk 00:13:27]}
{[%emt 00:00:16]} Qg5 {[%clk 00:18:04]} {[%emt 00:00:22]} 26. d5 {[%clk
00:03:53]} {[%emt 00:10:04]} Qxe3+ {[%clk 00:15:14]} {[%emt 00:03:20]} 27. Kh1
{[%clk 00:04:20]} {[%emt 00:00:03]} cxd5 {[%clk 00:10:53]} {[%emt 00:04:52]}
28. Rxd5 {[%clk 00:04:29]} {[%emt 00:00:20]} Rxd5 {[%clk 00:09:21]} {[%emt
00:02:02]} 29. Rxd5 {[%clk 00:04:57]} {[%emt 00:00:02]} Rxd5 {[%clk 00:06:32]}
{[%emt 00:03:19]} 30. exd5 {[%clk 00:05:22]} {[%emt 00:00:04]} Kf8 {[%clk
00:06:48]} {[%emt 00:00:15]} 31. d6 {[%clk 00:04:31]} {[%emt 00:01:21]} Ke8
{[%clk 00:06:06]} {[%emt 00:01:13]} 32. Qd1 {[%clk 00:03:52]} {[%emt 00:01:08]}
Kd7 {[%clk 00:06:25]} {[%emt 00:00:11]} 33. Qd5 {[%clk 00:03:01]} {[%emt
00:01:21]} Qc1+ {[%clk 00:03:22]} {[%emt 00:03:33]} 34. Kh2 {[%clk 00:03:27]}
{[%emt 00:00:04]} Qf4+ {[%clk 00:03:16]} {[%emt 00:00:35]} 35. Kh1 {[%clk
00:03:46]} {[%emt 00:00:12]} Qc1+ {[%clk 00:02:24]} {[%emt 00:01:23]} 36. Kh2
{[%clk 00:04:13]} {[%emt 00:00:02]} Qf4+ {[%clk 00:02:52]} {[%emt 00:00:02]}
37. Kh1 {[%clk 00:04:42]} 1/2-1/2